| 000 | 00708nam a2200217 a 4500 | ||
|---|---|---|---|
| 001 | 0544 | ||
| 005 | 20140414132015.0 | ||
| 008 | 040201s19uu xx 00 eng d | ||
| 020 | _a0-394-88616-x | ||
| 050 |
_aTR _bB35 1987 |
||
| 100 | _aStandiford, Natalie | ||
| 245 |
_aThe best little monkeys in the world / _cNatalie Standiford. |
||
| 260 |
_aU.S.A : _bRandom House, _c1987. |
||
| 300 | _a48 p. ; cm. | ||
| 440 | _aStep into reading | ||
| 520 | _aWhen their parents go out to the party, two little monkey's make mischief while their baby-sitter thinks they are very good. | ||
| 650 |
_aMonkey's _xFiction. |
||
| 650 |
_aBaby-sitters _xFiction. |
||
| 650 |
_aBehaviour _xFiction. |
||
| 999 |
_c113349 _d113349 |
||